000 00461nam a2200157 4500
001 110165
003 ES-MaACL
005 20230906185003.0
007 t|
008 061121s1968 sp r ||||1| spa d
100 1 _aMolas Valverde, J.
_981848
245 1 0 _aNormas procesales de especialización en Propiedad Intelectual /
_cJ. Molas Valverde.
260 _aBarcelona :
_bNauta,
_c1968.
300 _a342 p. ;
_c21 cm.
852 _aES-MaACL
_jC-35032
_bR.67446
999 _c110165
_d110165